| Tag |
First Indicator |
Second Indicator |
Subfields |
| LEADER |
00000cam a22000008i 4500 |
| 001 |
in00000366196 |
| 005 |
20151011074414.0 |
| 008 |
770302s1977 enk b 00110 eng |
| 010 |
|
|
|a 77003299
|
| 020 |
|
|
|z 0582484898.
|
| 020 |
|
|
|a 0582484901 (pbk.)
|
| 035 |
|
|
|a (OCoLC)02837450
|
| 035 |
|
|
|9 ABP4916AM
|
| 040 |
|
|
|a DLC
|c DLC
|d TXA
|d UtOrBLW
|
| 043 |
|
|
|a e-gx---
|
| 049 |
|
|
|a TXAM
|c [1397616]
|
| 050 |
0 |
0 |
|a DD240
|b .H477
|
| 082 |
0 |
|
|a 327.43
|
| 100 |
1 |
|
|a Hiden, John.
|
| 245 |
1 |
0 |
|a Germany and Europe, 1919-1939 /
|c John Hiden.
|
| 264 |
|
1 |
|a London ;
|a New York :
|b Longman,
|c 1977.
|
| 300 |
|
|
|a vii, 183 pages :
|b maps ;
|c 23 cm.
|
| 336 |
|
|
|a text
|b txt
|2 rdacontent
|
| 337 |
|
|
|a unmediated
|b n
|2 rdamedia
|
| 338 |
|
|
|a volume
|b nc
|2 rdacarrier
|
| 504 |
|
|
|a Includes bibliographical references and index.
|
| 600 |
1 |
0 |
|a Hitler, Adolf,
|d 1889-1945.
|
| 651 |
|
0 |
|a Germany
|x Foreign relations
|y 1918-1933.
|
| 651 |
|
0 |
|a Germany
|x Foreign relations
|y 1933-1945.
|
| 999 |
|
|
|a MARS
|
| 999 |
f |
f |
|s 8d91eda8-714d-3a2e-a628-775e3b4df500
|i 05dfc513-c89f-3f10-96c9-112b52c8c022
|t 0
|
| 952 |
f |
f |
|p ric
|a Texas A&M University
|b Rellis Campus
|c Joint Library Facility
|d Remote Storage
|t 0
|e DD240 .H477
|h Library of Congress classification
|i unmediated -- volume
|m A14801974550
|
| 998 |
f |
f |
|a DD240 .H477
|t 0
|l Remote Storage
|